Tilastot visalle Yleistieto #41

Klikkaa tästä pelataksesi tätä visaa!

Yleistilastot

  • Tätä visaa on pelattu 122 kertaa
  • Keskiarvotulos 8 / 15

Vastaustilastot

VinkkiVastaus% Oikein
Mitkä ovat Homer ja Marge Simpsonin lasten nimet?Bart
91%
Lisa
90%
Missä kaupungissa se sijaitsee?Pariisissa
84%
Mikä on maailman suurin taidemuseo?Louvre
82%
Mikä oli Pietarin nimi vuosina 1924-1991?Leningrad
77%
Maggie
72%
Kuka on Ruotsin kuningatar?Silvia
68%
^Mistä maasta hän on kotoisin?Saksasta
62%
Kuka on Rolling Stonesin laulaja?Mick Jagger
48%
Mihin kaupunkiin tv-sarja 'Frasier' sijoittuu?Seattleen
38%
Mikä on Libyan pääkaupunki?Tripoli
37%
Kuka on kirjoittanut kirjan "Karamazovin Veljekset "?Fjodor Dostojevski
32%
Mikä on toinen nimi 'Kaksoisvirtainmaalle'?Mesopotamia
26%
Mikä on Surinamen pääkaupunki?Paramaribo
16%
Mikä on Ruotsin pisin joki?Uumajanjoki
0%

Tulosjakauma

Persentiili vastausten määrän mukaan

Jokaisen tuloksen saaneiden osuus

Tuloshistoriasi

Et ole pelannut tätä visaa